00966nam a2200265Ia 4500003000400000005001700004008004100021020001300062040001800075041000800093082002000101100002600121245010300147250001200250260003900262300002300301650004800324650004500372650004900417650003500466700003200501942003000533999001900563952011800582OSt20260310101214.0210716s1990 xx 000 0 und d a70026629 cAIMIT LIBRARY aeng a511.4223bAYRF aAyres, Frank.9258366 aTheory and problems of differential and integral calculus /cBy Frank Ayres and Elliott Mendelson. a3rd ed. aNew Delhi :bMcGraw Hill ,c1990. a484p. ;bPBc28 cm aRules for differentiating functions9258367 aFundamental integration formulas9258368 aApplications of indefinite integrals9258369 aThe definite integral.9258370 aMendelson, Elliott.9258371 2ddccBKe3rd k511.2 AYRF c180733d180733 001040708MCAaAIMITbAIMITd2021-07-16eDonatedl0o511.42 AYRFpMCA00241r2026-05-23 00:00:00w2021-07-16yBK